00664nam a2200241 a 4500001001300000003000900013005001700022008004100039020001000080082001600090100001800106245003400124260002800158300000900186500003500195505001000230650002000240700001800260902000800278942000700286952011600293999001300409nice12345678IN_TiNIC20260116011340.0050524s1891 kana grp 000 0 urd  ac10000a491.24bHOS aHos-Kinson, R aHindustani Lughat, Dictionary aKanpurbHoskinsonc1891 a384p aincludes index and biblioraphy2 aIndex aUrdu-Dictionary1 aHos-Kinson, R bRBA cBK 001040708RareBook->aHMIbHMId2007-06-07g100.00l0o491.24 HOSp03932r2007-06-07v100.00w2005-05-24yBK c730d730